LDR 00769naa#a2200169#i#450# 001 RU\INFRA-M\bibl\122144 005 20260514001403.4 011 ## _a2500-3305 100 ## _a20260227b2026####ek#y0rusy0150####ca 102 ## _aRU 200 1# _aПериодизация истории педагогики: 
проблема и научные подходы к ее решению _eЖурнальная статья 210 1# _aМосква _cОбщество с ограниченной ответственностью «Научно-издательский центр ИНФРА-М» _d2026 215 ## _a10 с. 608 ## _aЖурнальная статья _2local 675 ## _aСистемы воспитания. 371.4 _z 700 #1 _aДжуринский _gА. Н. 856 4# _azh-szf.ru _u